000 00546nam a2200217Ia 4500
005 20250505124920.0
008 008 250505s9999 xx 000 0 eng d
037 _aReference
040 _aLCO
_beng
_cLCO
041 _aeng
_2eng
084 _aZ2,4 Q1
_qLCO
100 _aGandhi, B.M.
245 0 _aLaw of Torts
_c B.M. Gandhi
250 _a4th
260 _aLucknow, India
_bEastern Book Company
_c2011
300 _a523
365 _aINR
_b545
650 _aLaw
942 _cREF
_hZ2,4 Q1
999 _c1310651
_d1310651